Twenty One Pilots - Oldies Station lyrics - Statistics

General Stats
  • This quiz has been taken 163 times
  • The average score is 191 of 236
Answer Stats
Hint Answer % Correct
on
100%
you
99%
You
99%
your
99%
Your
99%
in
98%
In
98%
a
96%
the
96%
an
92%
Push
92%
through
92%
and
91%
And
91%
to
91%
go
88%
of
88%
Nothin'
87%
station
87%
When
87%
when
87%
old
86%
oldies
86%
darkness
84%
don't
84%
pain
84%
song
84%
then
84%
Verse 2 Then
84%
how
82%
Is
82%
nose
82%
Verse 1 Only
82%
Relative
82%
tank
82%
are
81%
bridge
81%
got
81%
it
81%
long
81%
mind
81%
quite
81%
season
81%
favorite
80%
fear
80%
Pre-chorus Fear
80%
learn
80%
past
80%
periphery
80%
was
80%
dance
79%
for
79%
recital
79%
you've
79%
Pre-chorus You've
79%
about
78%
consistency
78%
out
78%
takin'
78%
you're
78%
You're
78%
first
76%
lights
76%
Chorus Make
76%
make
76%
mistakes
76%
have
75%
her
75%
love
75%
move
75%
red
75%
Future's
74%
Start
74%
start
74%
survival
74%
used
74%
as
73%
at
73%
break
73%
comin'
73%
fast
73%
fight
73%
some
73%
things
73%
Everything
72%
less
72%
that
72%
crowd
71%
must
71%
rolls
71%
some
71%
tune
71%
can
69%
'em
69%
take
69%
up
69%
bound
68%
down
68%
they
68%
continue
67%
can't
66%
giving
66%
grow
66%
know
66%
lessons
66%
what
66%
people
65%
purging
65%
close
64%
feel
64%
oath
64%
streak
64%
lose
62%
there's
62%
before
61%
eyes
61%
manage
61%
build
60%
had
60%
learned
60%
Little
60%
trust
60%
say
59%
change
58%
concerned
58%
always
56%
But
56%
with
56%
adjust
55%
Forcing
55%
years
55%
pace
53%
tragedy
53%
Chorus Add
52%
capacity
51%
turns
51%
Found
47%
Embracing
42%
No matching quizzes found
Score Distribution
Percent of People with Each Score
Percentile by Number Answered
Your Score History
You have not taken this quiz